000 00552nam a2200193Ia 4500
999 _c14914
_d14914
003 OSt
005 20201022133625.0
008 190216s9999||||xx |||||||||||||| ||und||
020 _a9780143065906
040 _coclc
082 _a954.035092
_bOMV/A
100 _aOmvedt, Gail
_93224
245 0 _aAmbedkar Towards An Enlightened India /
_cGail Omvedt
250 _a1st Ed.
260 _bPenguin Books,
_c2004.
_aNew Delhi:
300 _a167p
650 _aBiogaphy
942 _cBK
_2ddc
_h954.035092
_iOMV/A
_k954.035092
_mOMV/A